000 00777nam a2200241Ia 4500
003 OSt
005 20220923223836.0
006 a|||||r|||| 00| 0
007 ta
008 220922b |||||||| |||| 00| 0 hin d
024 _a222,151
037 _cTextual
040 _aARTS
_cARTS
_bhin
041 _2hin
_ahin
082 _aO152,2:g(NT), P4
100 _aअंकुर, देवेन्द्र राज
245 0 _aअन्तरंग बहिरंग
246 _aAntaranga bahiranga
260 _aनयी दिल्ली
_b राजकमल प्रकाशन
_c2004
300 _a235पृ.
_ccm.
942 _hO152,2:g(NT), P4
_cTEXL
_2CC
999 _c367651
_d367651